000 00292nam a22001217a 4500
008 250304b |||||||| |||| 00| 0 eng d
020 _a019282080X
050 _aHD 756
_b.C66
245 _aOur Common Future
260 _aBritain
_bBritish Council Library
_c1987
300 _a383p.
942 _cBK
999 _c2057
_d2057